Welcome to the Holygrace Academy Library

Please use search bar below to get started

THE CHRONICLES OF NARNIA (Record no. 3452)

MARC details
000 -LEADER
fixed length control field 00651nam a22001457a 4500
020 ## - INTERNATIONAL STANDARD BOOK NUMBER
ISBN 0-00-671667-9
082 ## - DEWEY DECIMAL CLASSIFICATION NUMBER
Classification number 823
Item number LEW/M
100 ## - MAIN ENTRY--AUTHOR NAME
Personal name LEWIS, C.S
245 ## - TITLE STATEMENT
Title THE CHRONICLES OF NARNIA
Remainder of title THE MAGICIAN'S NEPHEW
260 ## - PUBLICATION, DISTRIBUTION, ETC. (IMPRINT)
Place of publication LONDON
Name of publisher HARPER COLLINS
Year of publication 1980
300 ## - PHYSICAL DESCRIPTION
Number of Pages 171
520 ## - SUMMARY, ETC.
Summary, etc Uncle Andrew is off limits to Digory and one day when they stumble upon his secret office they are tricked into slipping on rings than transport them to the world between worlds where they awaken Jadis, an evil queen who has destroyed her own world and plans to return to London to take over that world as well.
650 ## - SUBJECT ADDED ENTRY--TOPICAL TERM
Topical Term NOVEL
Geographic subdivision UNITED KINGDOM
942 ## - ADDED ENTRY ELEMENTS (KOHA)
Koha item type Books
Holdings
Withdrawn status Lost status Collection code Home library Current library Shelving location Date acquired Source of acquisition Full call number Accession Number Koha item type Cost, normal purchase price
    Fiction Main Library Main Library SHELF-14G- ALPHABETICAL J,K,L --ENGLISH NOVELS & FICTIONS 17/07/2019 purchase 823 LEW/M 11270 Books  
    Fiction Main Library Main Library SHELF-14G- ALPHABETICAL J,K,L --ENGLISH NOVELS & FICTIONS 14/07/2019 purchase 823 LEW/M 11271 Books  
    Fiction Main Library Main Library SHELF-14G- ALPHABETICAL J,K,L --ENGLISH NOVELS & FICTIONS 17/10/2011 purchase 823 LEW/M 05639 Books 199.00